Baking and Cooling of Biscuits /

Colección de 6 manuales sobre el proceso de manufacturación, empaque y almacenamiento de galletas y bizcochos. En este cuarto número, el autor presenta los diferentes tipos de bandas para horneado, principios de cocción y el proceso de horneado, enfriado y manejo de galletas.

Spremljeno u:
Bibliografski detalji
Glavni autor: Manley, Duncan J.R (autor)
Format: Knjiga
Jezik:engleski
Izdano: Cambridge, Inglaterra : Woodhead, 1998, c1998
Serija:(Biscuit, Cookie and Cracker Manufacturing Manuals ; 4)
Teme:
Oznake: Dodaj oznaku
Bez oznaka, Budi prvi tko označuje ovaj zapis!

MARC

LEADER 00000nam^a2200000^a^4500
001 000183685
005 20250521000000.0
009 20260310102048.259
020 |a 1-85573-295-5 
037 |a Acervo ITESO - Biblioteca 
041 |a ING 
082 |a 664. 7525  |b MAN 4 
100 |a Manley, Duncan J.R.  |e (autor) 
245 1 0 |a Baking and Cooling of Biscuits /  |c D.J.R. Manley. 
264 4 |a Cambridge, Inglaterra :  |b Woodhead,  |c 1998, c1998 
300 |a IX, 84 p. 
336 |a texto  |b txt  |2 rdacontenido 
337 |a sin mediación  |b n  |2 rdamedio 
338 |a volumen  |b nc  |2 rdasoporte 
440 1 |a (Biscuit, Cookie and Cracker Manufacturing Manuals ;  |v 4) 
520 |a Colección de 6 manuales sobre el proceso de manufacturación, empaque y almacenamiento de galletas y bizcochos. En este cuarto número, el autor presenta los diferentes tipos de bandas para horneado, principios de cocción y el proceso de horneado, enfriado y manejo de galletas. 
649 |a XX 
650 |a Galletas -  |x Industria y Comercio 
650 |a Hornos 
650 |a Alimentos Horneados 
650 |a Alimentos y Bebidas -  |x Higiene e Inspección Sanitaria 
650 |a Industria Alimenticia 
650 |a Tecnología de Alimentos 
910 |a Fondo General 
920 |a Impresos - Libros 
930 |a Colección General 
905 |a 101 
901 |a 0500124044  |b IT1  |c ACC  |u 20250521 
902 |a https://opac.biblio.iteso.mx/vufind/Record/000183685